| 000 | 01707nam a2200481 c 4500 | ||
|---|---|---|---|
| 999 |
_c12614 _d12614 |
||
| 001 | 12614 | ||
| 003 | ES-MaCES | ||
| 005 | 20181031101731.0 | ||
| 008 | 010816s2000 sp t 000 | spa d | ||
| 017 |
_aB 25593-2000 _bDL |
||
| 020 | _a8474264758 | ||
| 035 | _aCES20010012542m | ||
| 040 |
_aES-MaCES _bspa _cES-MaCES |
||
| 245 | 0 | 0 |
_aAnuario CIP 2000 _b: globalización y sistema internacional : [las claves para entender la realidad mundial] _cMariano Aguirre, Teresa Filesi y Mabel González (eds.) |
| 250 | _a1ª ed | ||
| 260 |
_aMadrid _bCentro de Investigación para la Paz, Fundación Hogar para el Empleado _aBarcelona _bIcaria _c2000 |
||
| 300 |
_a221 p. _c22 cm |
||
| 500 | _a2º subtít. tomado de la cub | ||
| 500 | _aÍndices | ||
| 541 | _cCompra | ||
| 650 | 4 |
_aglobalización económica _930653 |
|
| 650 | 4 |
_anuevo orden económico internacional _929223 |
|
| 650 | 4 |
_arelaciones internacionales _926675 |
|
| 650 | 4 |
_apolítica de defensa _926692 |
|
| 650 | 4 |
_aconflicto armado _930364 |
|
| 650 | 4 |
_amercado negro _927895 |
|
| 650 | 4 |
_adroga _928707 |
|
| 650 | 4 |
_amigración _928635 |
|
| 650 | 4 |
_apobreza _927112 |
|
| 650 | 4 |
_adesigualdad social _930789 |
|
| 650 | 4 |
_aanuario _928963 |
|
| 650 | 4 |
_a2000 _930991 |
|
| 653 | 1 | 0 | _aCiencias Sociales-Políticas |
| 700 | 1 |
_aAguirre, Mariano _eed. lit. _95704 |
|
| 700 | 1 |
_aFilesi, Teresa _eed. lit. _912114 |
|
| 700 | 1 |
_aGonzález, Mabel _eed. lit. _913724 |
|
| 710 | 2 |
_aCentro de Investigación para la Paz _eed. _939320 |
|
| 787 | 0 |
_tAnuario CIP 2001 _w(ES-MaCES)13010 |
|
| 787 | 0 |
_tAnuario CIP 1992-1993 _w(ES-MaCES)167 |
|
| 902 | _aLIB Libro | ||
| 942 |
_2CES _cBK _h7.0. |
||